000 00282nam a22001217a 4500
008 190226b xxu||||| |||| 00| 0 eng d
041 _aeng
080 _a701
100 _a44
101 _aART
245 _aThe Flowering of American Folk Art 1776-1876
_cLipman,J
942 _2udc
_cBK
999 _c54295
_d54295